01297nam a2200253Ia 4500003000400000005001700004008004100021020001600062020001800078040000600096041001300102050002500115100001900140245014500159246004300304260004500347300003500392500012500427505041600552650002900968650001400997700001801011700001401029OSt20241024155236.0200731s9999 xx 000 0 und d a 9622940382 a9789622940383 c0 achiheng aBT75.3b.G7412 2012  aGreen, Laurie  a做神學:b一同走進處境神學 = Let's do theology : resources for contextual theology /c利·葛林 (Laurie Green) 著; 陳群英譯 a做神学 :b一同走进处境神学  a香港:b基督教文藝出版社,c2012 axx, 265 p. :bill. ; c22 cm. aTranslation of: Let's do theology : resources for contextual theology / Laurie Green ; London ; New York: Mowbray, 2009. a神學原來可以由大家起動,做出來!這個嶄新的概念,相信大家沒想過。做神學是一個使生命更新的刺激旅程,是團契或小組容易實踐神學的方法。弟兄姊妹透過做神學,可把信仰和周遭的社會議題結合,讓神學改變自己的生命,也改變社會,使社會看見耶穌基督就活在他們當中。做神學,實踐「知行合一」。 aTheology -- Methodology. aTheology. a利 · 葛林 a陳群英